|
|
|
|
| LEADER |
00000nam0a2200000 4500 |
| 001 |
125899 |
| 005 |
20231031131547.0 |
| 035 |
|
|
|a (RuTPU)RU\TPU\book\136215
|
| 035 |
|
|
|a RU\TPU\book\66227
|
| 090 |
|
|
|a 125899
|
| 100 |
|
|
|a 20071121d1975 k y0rusy50 ca
|
| 101 |
0 |
|
|a eng
|
| 102 |
|
|
|a RU
|
| 105 |
|
|
|a a z 000zy
|
| 200 |
1 |
|
|a Равенство, сходство, порядок
|d Equality, Resemblance, and Order
|f Ю. А. Шрейдер
|
| 210 |
|
|
|a Москва
|d 1975
|c Мир
|
| 215 |
|
|
|a 281 с.
|c ил.
|
| 300 |
|
|
|a Текст на англ. яз.
|
| 510 |
1 |
|
|a Equality, Resemblance, and Order
|z eng
|
| 610 |
1 |
|
|a математика
|
| 610 |
1 |
|
|a равенство
|
| 610 |
1 |
|
|a порядок
|
| 610 |
1 |
|
|a бинарные отношения
|
| 610 |
1 |
|
|a логические основы
|
| 610 |
1 |
|
|a сходство
|
| 675 |
|
|
|a 51
|v 3
|
| 700 |
|
1 |
|a Шрейдер
|b Ю. А.
|g Юлий Анатольевич
|
| 801 |
|
1 |
|a RU
|b 63413507
|c 20040412
|g PSBO
|
| 801 |
|
2 |
|a RU
|b 63413507
|c 20080929
|g PSBO
|
| 942 |
|
|
|c BK
|